<?xml version="1.0" encoding="UTF-8"?>
<record
    xmlns:xsi="http://www.w3.org/2001/XMLSchema-instance"
    xsi:schemaLocation="http://www.loc.gov/MARC21/slim http://www.loc.gov/standards/marcxml/schema/MARC21slim.xsd"
    xmlns="http://www.loc.gov/MARC21/slim">

  <leader>00572nam a22001937a 4500</leader>
  <datafield tag="999" ind1=" " ind2=" ">
    <subfield code="c">170879</subfield>
    <subfield code="d">170879</subfield>
  </datafield>
  <controlfield tag="005">20191227162802.0</controlfield>
  <datafield tag="010" ind1=" " ind2=" ">
    <subfield code="a">829239</subfield>
  </datafield>
  <datafield tag="020" ind1=" " ind2=" ">
    <subfield code="c">16.00</subfield>
  </datafield>
  <datafield tag="035" ind1=" " ind2=" ">
    <subfield code="a">829239</subfield>
  </datafield>
  <datafield tag="037" ind1=" " ind2=" ">
    <subfield code="b">BPPD/Pub.</subfield>
  </datafield>
  <datafield tag="082" ind1=" " ind2=" ">
    <subfield code="a">841</subfield>
  </datafield>
  <datafield tag="100" ind1=" " ind2=" ">
    <subfield code="a">&#x6A9;&#x627;&#x644;&#x6CC;&#x631;&#x627; &#x633;&#x6BA; &#x6AF;&#x648;&#x67E;&#x62A;&#x627; &#x631;&#x636;&#x627;</subfield>
  </datafield>
  <datafield tag="245" ind1=" " ind2=" ">
    <subfield code="a">&#x645;&#x6A9;&#x62A;&#x648;&#x628;&#x627;&#x62A; &#x62C;&#x648;&#x634; &#x645;&#x644;&#x633;&#x6CC;&#x627;&#x646;&#x6CC; </subfield>
    <subfield code="c">&#x6A9;&#x627;&#x644;&#x6CC;&#x631;&#x627; &#x633;&#x6BA; &#x6AF;&#x648;&#x67E;&#x62A;&#x627; &#x631;&#x636;&#x627;</subfield>
  </datafield>
  <datafield tag="246" ind1=" " ind2=" ">
    <subfield code="a">Maktubaat Josh Mulsiyani (Urdu) /</subfield>
    <subfield code="b">by Gupta Raza</subfield>
  </datafield>
  <datafield tag="260" ind1=" " ind2=" ">
    <subfield code="a">-</subfield>
    <subfield code="b">Vimal Publlications</subfield>
    <subfield code="c">1976 &#x621;</subfield>
  </datafield>
  <datafield tag="270" ind1=" " ind2=" ">
    <subfield code="a">-</subfield>
    <subfield code="b">-</subfield>
    <subfield code="e">-</subfield>
  </datafield>
  <datafield tag="300" ind1=" " ind2=" ">
    <subfield code="a">176p.</subfield>
    <subfield code="c">21cm(Hb)</subfield>
  </datafield>
  <datafield tag="942" ind1=" " ind2=" ">
    <subfield code="2">ddc</subfield>
    <subfield code="c">UR</subfield>
    <subfield code="h">841</subfield>
    <subfield code="m">&#x62C; &#x648; &#x634;</subfield>
  </datafield>
  <datafield tag="952" ind1=" " ind2=" ">
    <subfield code="0">0</subfield>
    <subfield code="1">0</subfield>
    <subfield code="4">0</subfield>
    <subfield code="7">0</subfield>
    <subfield code="8">NFIC</subfield>
    <subfield code="a">L</subfield>
    <subfield code="b">L</subfield>
    <subfield code="d">2019-12-27</subfield>
    <subfield code="e">BPPD/Ven.</subfield>
    <subfield code="g">16.00</subfield>
    <subfield code="l">0</subfield>
    <subfield code="o">841 &#x62C; &#x648; &#x634;</subfield>
    <subfield code="p">829239</subfield>
    <subfield code="r">2019-12-27 00:00:00</subfield>
    <subfield code="t">1</subfield>
    <subfield code="v">16.00</subfield>
    <subfield code="w">2019-12-27</subfield>
    <subfield code="y">UR</subfield>
  </datafield>
</record>
